000 00871nam a2200193 a 4500
005 20140412111312.0
008 010326s19uu xx 00 eng d
020 _a0-7835-1306-2
050 _aREF 170
_bC54Li v.7
245 _aThe little blue elephant :
_ba book about being open-minded.
260 _aAsia :
_bTime Life Asia,
_c1997.
300 _a29 p. ; ill.
440 _aA Child's First Library of Values
500 _aw/ casette tape
520 _aThe little blue elephant is very unhappy because his blue skin makes him different from all the other animals in the jungle. He sets out to look for friends who are also blue. On his journery he meets a colorful group of schoolschildren and discovers that skin colour is actually not important when it comes to making friends.
650 _aValues
650 _aElephant stories - Fiction
999 _c104023
_d104023